[Event "Voronezh op-B 23rd"]
[Site "Voronezh"]
[Date "2019.06.14"]
[Round "3"]
[White "Artemov, Nikita"]
[Black "Ashutosh, Kumar2"]
[Result "1/2-1/2"]
[WhiteElo "2028"]
[BlackElo "1852"]
[PlyCount "88"]
[EventDate "2019.06.12"]
[EventType "swiss"]
[EventRounds "9"]
[EventCountry "RUS"]
[SourceTitle "EXT 2020"]
[Source "ChessBase"]
[SourceDate "2019.10.17"]
[SourceVersion "1"]
[SourceVersionDate "2019.10.17"]
[SourceQuality "1"]

1. e4 c5 2. Nf3 g6 3. d4 cxd4 4. Nxd4 Nf6 5. Nc3 Bg7 6. e5 Ng8 7. f4 Nh6 8. Bc4 Nc6 9. Be3 0-0 10. Nxc6 bxc6 11. Qd2 d5 12. 0-0-0 Qa5 13. Be2 f6 14. h4 Nf5 15. g4 Nxe3 16. Qxe3 fxe5 17. fxe5 Qb6 18. Qg5 Rb8 19. Qxe7 Qxb2+ 20. Kd2 Qb4 21. Qxb4 Rxb4 22. Rb1 Rxb1 23. Rxb1 Bxe5 24. Na4 Rf4 25. Nc5 Bd6 26. Nd3 Ra4 27. Rf1 Kg7 28. g5 Rxh4 29. Rf6 Be7 30. Rxc6 Bxg5+ 31. Kc3 Rc4+ 32. Rxc4 dxc4 33. Kxc4 Be6+ 34. Kb5 Bxa2 35. Nb4 Be6 36. c4 Bd2 37. Nc2 a5 38. c5 h5 39. c6 h4 40. c7 Bd7+ 41. Kc5 h3 42. Kd6 Bc8 43. Nd4 Bb4+ 44. Kc6 a4 1/2-1/2

[Event "Voronezh Region-ch"]
[Site "Voronezh"]
[Date "2018.11.24"]
[Round "2"]
[White "Moshkin, Mikhail"]
[Black "Artemov, Nikita"]
[Result "1/2-1/2"]
[WhiteElo "1898"]
[BlackElo "2008"]
[PlyCount "86"]
[EventDate "2018.11.23"]
[EventType "swiss"]
[EventRounds "9"]
[EventCountry "RUS"]
[SourceTitle "CBM 188 Extra"]
[Source "ChessBase"]
[SourceDate "2019.02.28"]
[SourceVersion "1"]
[SourceVersionDate "2019.02.28"]
[SourceQuality "1"]

1. e4 c5 2. c3 Nf6 3. e5 Nd5 4. d4 Nc6 5. Nf3 cxd4 6. cxd4 d6 7. exd6 Qxd6 8. Nc3 Bg4 9. Be2 e6 10. 0-0 Be7 11. h3 Bh5 12. Nxd5 Qxd5 13. Be3 0-0 14. b3 Ba3 15. Bc4 Qa5 16. Qe2 b5 17. Bxb5 Bxf3 18. gxf3 Ne7 19. Bd3 Qh5 20. Kg2 Rac8 21. f4 Qa5 22. Be4 Rc7 23. Rfd1 Rfc8 24. Rd2 Bb4 25. Rdd1 Ba3 26. Rd2 g6 27. Rb1 Nd5 28. Bxd5 Qxd5+ 29. Qf3 Qf5 30. Rbd1 Rc1 31. d5 Rxd1 32. Rxd1 exd5 33. Qxd5 Qc2 34. Rd2 Qb1 35. Bxa7 Qe1 36. Rd1 Qe2 37. Rd2 Qe1 38. Rd1 Qe2 39. Be3 Qxa2 40. Bd4 Qe2 41. Qe5 Qxe5 42. Bxe5 Be7 43. Rd7 Kf8 1/2-1/2

[Event "Voronezh op-B 19th"]
[Site "Voronezh"]
[Date "2015.06.16"]
[Round "5"]
[White "Artemov, Nikita"]
[Black "Kochukova, Anna"]
[Result "1-0"]
[WhiteElo "2106"]
[BlackElo "1994"]
[PlyCount "118"]
[EventDate "2015.06.12"]
[EventType "swiss"]
[EventRounds "9"]
[EventCountry "RUS"]
[SourceTitle "CBM 167 Extra"]
[Source "ChessBase"]
[SourceDate "2015.09.14"]
[SourceVersion "1"]
[SourceVersionDate "2015.09.14"]
[SourceQuality "1"]

1. e4 e5 2. Bc4 Nc6 3. Nc3 Nf6 4. f4 exf4 5. Nf3 Be7 6. 0-0 Nxe4 7. Nxe4 d5 8. Bd3 dxe4 9. Bxe4 Nd4 10. c3 Nb5 11. d4 g5 12. Ne5 Nd6 13. Qh5 Be6 14. Bc2 c6 15. h4 Qc7 16. hxg5 0-0-0 17. Bxf4 f6 18. gxf6 Bxf6 19. Bb3 Bd5 20. Bxd5 cxd5 21. Ng4 Be7 22. Qxd5 Rhg8 23. Ne5 Bg5 24. Qe6+ Kb8 25. Bh2 Be3+ 26. Kh1 Qg7 27. Ng4 Qxg4 28. Bxd6+ Ka8 29. Qxg4 Rxg4 30. g3 a6 31. Be5 h5 32. Rf3 Bg5 33. Kg2 Re4 34. Raf1 h4 35. Rf8 Re2+ 36. R1f2 Rxf8 37. Rxe2 hxg3 38. Kxg3 Ka7 39. Kg4 Bc1 40. Bd6 Rf7 41. b3 Rf6 42. Bc5+ Kb8 43. d5 b6 44. Bd4 Rf7 45. Bxb6 Kb7 46. Bd4 Kc7 47. Be5+ Kd7 48. c4 Ba3 49. Bd4 Bd6 50. Rf2 Re7 51. Kf5 Rf7+ 52. Kg6 Re7 53. Rf7 Bb4 54. c5 a5 55. Rxe7+ Kxe7 56. Kf5 Kd7 57. Ke4 Kc7 58. Kd3 Kd7 59. Kc4 Ke8 1-0

[Event "Voronezh Regional-ch"]
[Site "Voronezh"]
[Date "2014.12.12"]
[Round "7"]
[White "Artemov, Nikita"]
[Black "Ioffe, Ilya"]
[Result "1-0"]
[WhiteElo "2053"]
[BlackElo "2037"]
[PlyCount "79"]
[EventDate "2014.12.05"]
[EventType "swiss"]
[EventRounds "9"]
[EventCountry "RUS"]
[SourceTitle "CBM 164 Extra"]
[Source "ChessBase"]
[SourceDate "2015.03.02"]
[SourceVersion "1"]
[SourceVersionDate "2015.03.02"]
[SourceQuality "1"]

1. e4 e5 2. f4 exf4 3. Bc4 Nf6 4. Nc3 c6 5. Bb3 d5 6. exd5 cxd5 7. d4 Bd6 8. Nge2 0-0 9. 0-0 Nc6 10. Nxf4 Bg4 11. Qd3 Qb6 12. h3 Bd7 13. Be3 Bxf4 14. Rxf4 Ne7 15. Raf1 Be6 16. Rxf6 gxf6 17. Bh6 Rfd8 18. Ne2 Nf5 19. Rxf5 Bxf5 20. Qxf5 Qe6 21. Ng3 Kh8 22. Kh2 Rd7 23. c3 Qxf5 24. Nxf5 b5 25. Bg7+ Kg8 26. Bxf6 Re8 27. Nh6+ Kf8 28. Ng4 Re2 29. Be5 Rxb2 30. Nf6 Rd8 31. Nxh7+ Kg8 32. Nf6+ Kf8 33. Bxd5 Rxd5 34. Nxd5 Rxa2 35. h4 a5 36. h5 a4 37. h6 Kg8 38. Nf6+ Kh8 39. d5 b4 40. d6 1-0

[Event "Voronezh School Rating"]
[Site "Voronezh"]
[Date "2014.11.30"]
[Round "9.3"]
[White "Artemov, Nikita"]
[Black "Cherednichenko, Dmitrij"]
[Result "1-0"]
[WhiteElo "2053"]
[BlackElo "1932"]
[PlyCount "53"]
[EventDate "2014.11.21"]
[EventType "tourn"]
[EventRounds "9"]
[EventCountry "RUS"]
[SourceTitle "EXT 2018"]
[Source "ChessBase"]
[SourceDate "2017.10.13"]
[SourceVersion "1"]
[SourceVersionDate "2017.10.13"]
[SourceQuality "1"]

1. e4 e6 2. d4 d5 3. Nc3 dxe4 4. Nxe4 Nd7 5. Nf3 Ngf6 6. Nxf6+ Nxf6 7. Bc4 c5 8. 0-0 cxd4 9. Qe2 Bd6 10. Bg5 0-0 11. Rad1 Qe7 12. Ne5 b6 13. Rxd4 Bb7 14. Bd3 Rfd8 15. Bxh7+ Kf8 16. Bd3 Qc7 17. Rc4 Qb8 18. Bxf6 gxf6 19. Nxf7 Bxh2+ 20. Kh1 Rd7 21. Rh4 Rxf7 22. Qxe6 Qc7 23. Rxh2 Qd7 24. Rh8+ Kg7 25. Rh7+ Kf8 26. Qxd7 Rxd7 27. Rxd7 1-0

[Event "Zagorovsky Memorial op"]
[Site "Voronezh"]
[Date "2013.06.29"]
[Round "5"]
[White "Kornilov, Peter"]
[Black "Artemov, Nikita"]
[Result "0-1"]
[WhiteElo "2029"]
[BlackElo "1981"]
[PlyCount "90"]
[EventDate "2013.06.25"]
[EventType "swiss"]
[EventRounds "9"]
[EventCountry "RUS"]
[SourceTitle "EXT 2014"]
[Source "ChessBase"]
[SourceDate "2013.11.20"]
[SourceVersion "1"]
[SourceVersionDate "2013.11.20"]
[SourceQuality "1"]

1. Nf3 Nf6 2. c4 g6 3. Nc3 Bg7 4. g3 0-0 5. Bg2 d6 6. 0-0 Nc6 7. d3 Bg4 8. h3 Bd7 9. Bg5 h6 10. Bd2 a6 11. Rb1 Qc8 12. Kh2 b5 13. Nd5 Nxd5 14. cxd5 Ne5 15. Nxe5 dxe5 16. Qc1 Kh7 17. Ba5 f5 18. Bxc7 Qe8 19. Qd2 g5 20. Rbc1 Qh5 21. f4 exf4 22. gxf4 g4 23. e3 Rg8 24. d4 Bf6 25. Be5 Bh4 26. Rc7 gxh3 27. Bf3 Rg2+ 28. Bxg2 hxg2 29. Qxg2 Rg8 30. Qxg8+ Kxg8 31. Rg1+ Kf8 32. Rxd7 Bf2+ 33. Kg2 Qe2 34. Rd8+ Kf7 35. Kh1 Qf3+ 36. Kh2 Bxg1+ 37. Kxg1 h5 38. Rh8 h4 39. Rh7+ Ke8 40. d6 exd6 41. Bf6 Qxe3+ 42. Kh1 Qxf4 43. Rxh4 Qc1+ 44. Kh2 Qxb2+ 45. Kg3 Qxa2 0-1

[Event "Voronezh Spring"]
[Site "Voronezh"]
[Date "2013.05.24"]
[Round "?"]
[White "Riazhskih, Vitaly"]
[Black "Artemov, Nikita"]
[Result "1/2-1/2"]
[WhiteElo "2236"]
[BlackElo "1999"]
[PlyCount "51"]
[EventDate "2013.05.07"]
[EventType "tourn"]
[EventRounds "11"]
[EventCountry "RUS"]
[SourceTitle "EXT 2014"]
[Source "ChessBase"]
[SourceDate "2013.11.20"]
[SourceVersion "1"]
[SourceVersionDate "2013.11.20"]
[SourceQuality "1"]

1. e4 e5 2. Nf3 Nc6 3. Bb5 a6 4. Bxc6 dxc6 5. 0-0 f6 6. d4 exd4 7. Nxd4 c5 8. Ne2 Qxd1 9. Rxd1 Bd7 10. Nbc3 0-0-0 11. Nd5 Bd6 12. Bf4 Bxf4 13. Nexf4 Re8 14. f3 Ne7 15. Nxe7+ Rxe7 16. Nd5 Ree8 17. Rd2 b6 18. Rad1 Bc6 19. Kf2 Rd8 20. Ne3 Rxd2+ 21. Rxd2 Rd8 22. Rxd8+ Kxd8 23. g4 Ke7 24. Kg3 g6 25. h4 b5 26. c3 1/2-1/2

[Event "Voronezh-ch"]
[Site "Voronezh"]
[Date "2012.10.20"]
[Round "2"]
[White "Katkov, Vitaly"]
[Black "Artemov, Nikita"]
[Result "1-0"]
[WhiteElo "2100"]
[BlackElo "1999"]
[PlyCount "69"]
[EventDate "2012.10.19"]
[EventType "swiss"]
[EventRounds "9"]
[EventCountry "RUS"]
[SourceTitle "EXT 2013"]
[Source "ChessBase"]
[SourceDate "2012.11.22"]
[SourceVersion "1"]
[SourceVersionDate "2012.11.22"]
[SourceQuality "1"]

1. Nf3 Nf6 2. d4 c5 3. c3 d5 4. Bf4 e6 5. e3 Nc6 6. Nbd2 Bd6 7. Bg5 Qb6 8. Qb3 Bd7 9. Qxb6 axb6 10. Bd3 0-0 11. 0-0 e5 12. dxe5 Nxe5 13. Nxe5 Bxe5 14. Nf3 Bd6 15. Rfd1 Be6 16. Bxf6 gxf6 17. e4 Rfd8 18. Bc2 dxe4 19. Bxe4 Rxa2 20. Rxa2 Bxa2 21. Ra1 Bc7 22. g3 Bd5 23. Bxd5 Rxd5 24. Ra7 Kf8 25. Rxb7 Bd8 26. Ra7 Rd1+ 27. Kg2 Ke8 28. Nh4 Rd2 29. Rb7 Rd7 30. Rxd7 Kxd7 31. Kf3 Ke6 32. Ke4 Bc7 33. Nf5 h5 34. Ng7+ Kd7 35. Nxh5 1-0

[Event "Voronezh Region-ch"]
[Site "Voronezh"]
[Date "2011.12.11"]
[Round "3"]
[White "Artemov, Nikita"]
[Black "Kareva, Natalia"]
[Result "1-0"]
[WhiteElo "1968"]
[BlackElo "2071"]
[PlyCount "113"]
[EventDate "2011.12.09"]
[EventType "swiss"]
[EventRounds "9"]
[EventCountry "RUS"]
[SourceTitle "CBM 146 Extra"]
[Source "ChessBase"]
[SourceDate "2012.02.29"]
[SourceVersion "1"]
[SourceVersionDate "2012.02.29"]
[SourceQuality "1"]

1. e4 c6 2. Nc3 d5 3. d4 dxe4 4. Nxe4 Bf5 5. Ng3 Bg6 6. h4 h6 7. N1e2 Nf6 8. Nf4 Bh7 9. Bc4 Nd5 10. 0-0 e6 11. Qg4 Nxf4 12. Bxf4 Nd7 13. d5 cxd5 14. Bb5 a6 15. Bxd7+ Qxd7 16. Nh5 Bg6 17. Nxg7+ Bxg7 18. h5 e5 19. Qg3 exf4 20. Rfe1+ Kf8 21. Qa3+ Kg8 22. hxg6 Bf6 23. gxf7+ Kxf7 24. Qf3 Qf5 25. c4 Rad8 26. cxd5 Qxd5 27. Qxf4 Rhg8 28. g3 Qd4 29. Re4 Qd6 30. Qf3 Qd5 31. Qf4 h5 32. Rae1 Rge8 33. Rxe8 Rxe8 34. Rxe8 Kxe8 35. Qxf6 Qxa2 36. Qh8+ Kd7 37. Qd4+ Kc6 38. f4 Qe6 39. Kf2 a5 40. Qc3+ Kb5 41. Qd3+ Kb4 42. f5 Qb6+ 43. Kf3 a4 44. Qc3+ Kb5 45. f6 Qe6 46. Qd4 Qf5+ 47. Ke3 Qe6+ 48. Kd2 b6 49. Kd3 Qf5+ 50. Ke3 Qe6+ 51. Kf2 Ka5 52. Qf4 Qf7 53. Qe5+ b5 54. Ke3 Qb3+ 55. Qc3+ Qxc3+ 56. bxc3 a3 57. f7 1-0

[Event "Voronezh Region-ch"]
[Site "Voronezh"]
[Date "2011.12.09"]
[Round "1"]
[White "Artemov, Nikita"]
[Black "Provkin, Vladimir"]
[Result "0-1"]
[WhiteElo "1968"]
[BlackElo "2233"]
[PlyCount "64"]
[EventDate "2011.12.09"]
[EventType "swiss"]
[EventRounds "9"]
[EventCountry "RUS"]
[SourceTitle "CBM 146 Extra"]
[Source "ChessBase"]
[SourceDate "2012.02.29"]
[SourceVersion "1"]
[SourceVersionDate "2012.02.29"]
[SourceQuality "1"]

1. e4 c5 2. Nf3 d6 3. d4 Nf6 4. Nc3 cxd4 5. Nxd4 Nc6 6. Bc4 e5 7. Nf5 Be6 8. Bb3 Qd7 9. 0-0 Bxf5 10. exf5 Be7 11. g4 h6 12. Be3 Rd8 13. Nd5 Nxd5 14. Qxd5 Bg5 15. f4 exf4 16. Bxf4 Bxf4 17. Rxf4 0-0 18. Re1 Rfe8 19. Rxe8+ Rxe8 20. Re4 Re5 21. Rxe5 Nxe5 22. h3 Qe7 23. Kg2 Qc7 24. c3 Qb6 25. Qe4 Qb5 26. Kg3 Qf1 27. Bd5 b6 28. a4 Qd1 29. Bb7 Qa1 30. Qc2 Qe1+ 31. Kh2 Qe3 32. Bg2 Nd3 0-1